00419nam a2200133Ia 450000500170000000800410001704100080005810000260006624500150009226000260010730000200013399900190015395201130017220251223131554.0251219s9999 xx 000 0 und d aeng aKopardekar S 9216069 aPurushotam bKopardekar shamc2014 a180bPaper Back c369605d369605 00104070aHIMRbHIMRd2025-12-15g1.00l0pHIMR-DB-3351r2025-12-23 13:15:54v1.00w2025-12-23yDBzDB3351